000 00454nam a22001457a 4500
020 _a9788181312570
082 _a823BRI/W
100 _aBRITANNICA
245 _aEARLY DISCOVERY
_bTHE WORLD AROUND US
260 _aGREAT BRITAIN
_bENCYCLOPEDIA BRITANNICA
_c2012
300 _a56
520 _aDISCOVER THINGS ABOUT WORLD AROUND YOU, LEARN NEW WORDS, ANSWER FUN QUESTIONS
650 _aDISCOVER THINGS ABOUT THE WORLD AROUND YOU
_zUNITED KINGDOM
942 _cBK
999 _c240
_d240